000 00220nam a22000857a 4500
008 161124b xxu||||| |||| 00| 0 eng d
100 _91345
_aBPI India
245 _aAladdin and Magic Lamp
260 _aNew Delhi
_bBPI India
_c2011
999 _c4059
_d4059